F1 Records - Statistics

General Stats
  • This quiz has been taken 66 times
    47 since last reset
  • The average score is 26 of 43
Answer Stats
Hint Answer % Correct
Most championship contenders at the last race of the season 4: Sebastian Vettel, Fernando Alonso, Mark Webber, Lewis Hamilton (2012)
100%
Most consecutive Pole Positions from first race of season Alain Prost, Max Verstappen (7)
100%
Most Consecutive wins at same Grand Prix Ayrton Senna, Lewis Hamilton (5)
100%
Most Grand Prix Starts Fernando Alonso (401)
100%
Most Grand Prix wins Lewis Hamilton (105)
100%
Most Wins in first Season Lewis Hamilton, Jacques Villeneuve (4)
100%
Most World Drivers Championships Lewis Hamilton, Michael Schumacher (7)
100%
Most Consecutive Grand Prix wins Max Verstappen (10)
100%
Longest Time leading the Formula One WDC Max Verstappen (1,029 days/63 Races) Spain 2022 - Australia 2025
100%
Youngest Driver to Start a Grand Prix Max Verstappen (17 Years, 166 Days)
100%
Most wins in a single season Max Verstappen (19)
100%
Percentage of Poles converted to Wins Max Verstappen (80%)
100%
Most Consecutive Pole Positions Max Verstappen, Ayrton Senna (8)
100%
Most Consecutive Wins from First Race of Season Nigel Mansell, Michael Schumacher (5)
87%
Most Pole Positions in a Season Sebastian Vettel (15)
87%
Youngest Pole Sitter Sebastian Vettel (21 Years, 72 Days)
87%
Highest Win Percentage Juan Manuel Fangio (47.06%)
77%
Most Races without a Podium Nico Hulkenberg (230)
74%
Most Races Before First Win Sergio Perez (190)
71%
Most races before first Pole Position Sergio Perez (219)
71%
Fewest Races Before First Win Giancarlo Baghetti, Giuseppe Farina, Johnnie Parsons (1st Race)
55%
Most Podiums before scoring a First Win Patrick Depailler, Jean Alesi, Lando Norris, Mika Häkkinen, Eddie Irvine (15)
55%
Oldest Pole Sitter Giuseppe Farina (47 Years,79 Days)
52%
Largest gap between Championships Niki Lauda (6 Years)
52%
Most Pole Positions without a WDC Charles Leclerc (26)
42%
Most races without a Fastest Lap Lance Stroll (169)
42%
Most Podium Finishes without a win Nick Heidfeld (13)
42%
Highest Percentage of Poles in a Season Nigel Mansell (87.50%)
42%
Most wins without a WDC Stirling Moss (16)
42%
Most Consecutive Race Starts Rubens Barrichello (326)
39%
Most Podium Finishes without a WDC Rubens Barrichello (68)
39%
Most Career Points without a WDC Valtteri Bottas (1,797)
35%
Most Races without leading a lap Kevin Magnussen (187)
26%
Most Races before scoring a Podium Finish Carlos Sainz Jr (101)
23%
Oldest Driver to Start a Race Louis Chiron (55 Years, 292 Days)
23%
Most Laps led without a win Chris Amon (183)
16%
Win from furthest back on the grid John Watson (22nd)
16%
Oldest Winner Luigi Fagioli (53 Years, 22 Days)
16%
Most races without a Pole Position Romain Grosjean (181)
16%
Youngest Driver to Score points in their first race Oliver Bearman (18 Years, 305 Days)
13%
Most races before first Fastest Lap Jarno Trulli (203)
10%
Most Races without a win (with podiums) Andrea de Cesaris (214)
6%
World Champions with fewest Points Phil Hill (98)
3%
No matching quizzes found
Score Distribution
Percent of People with Each Score
Percentile by Number Answered
Your Score History
You have not taken this quiz since the last reset